| 000 -CABECERA |
| fixed length control field |
02135nam a22003257a 4500 |
| 003 - IDENTIFICADOR DEL NÚMERO DE CONTROL |
| control field |
AR-CdUCM |
| 008 - DATOS DE LONGITUD FIJA--INFORMACIÓN GENERAL |
| fixed length control field |
190226b ||||| |||| 00| 0 spa d |
| 020 ## - NÚMERO INTERNACIONAL ESTÁNDAR DEL LIBRO |
| ISBN |
9972719073 |
| 040 ## - FUENTE DE LA CATALOGACIÓN |
| Agencia/entidad que catalogó originalmente la obra |
MUNICIPALIDAD PROVINCIAL DEL CUSCO |
| Entidad que transcribió la catalogación |
BIBLIOTECA MUNICIPAL DEL CUSCO |
| 082 ## - NÚMERO DE LA CLASIFICACIÓN DECIMAL DEWEY |
| No. de Clasificación |
353.985 / |
| Notacion interna |
SU94 |
| 110 ## - ENTRADA PRINCIPAL--NOMBRE DE ENTIDAD CORPORATIVA |
| Nombre de la institución, jurisdicción como entrada principal |
Superintendencia de Banca, Seguros y AFP. |
| 9 (RLIN) |
3748 |
| 245 ## - MENCIÓN DE TÍTULO |
| Título |
Historia de la supervisión y regulación financiera en el Perú / |
| 260 ## - PUBLICACIÓN, DISTRIBUCIÓN, ETC. |
| Lugar de publicación, distribución, etc. |
Lima : |
| Nombre de la editorial, distribuidor, etc. |
Superintendencia de Banca, Seguros y AFP; |
| -- |
Biblos, |
| Fecha de publicación, distribución, etc. |
2006. |
| 300 ## - DESCRIPCIÓN FÍSICA |
| Nº de Páginas Extensión |
227 páginas ; |
| Dimensiones |
31 cm. |
| 505 ## - NOTA DE CONTENIDO CON FORMATO |
| Nota de contenido formateada |
Contenido: Antecedentes de la regulación y supervisión financiera en el Perú: la experiencia de la banca no supervisada: 1600-1930 -- La creación de la superintendencia de bancos y el nacimiento de la banca comercial: 1930-1948 -- Liberalización del sistema financiero: 1948 - 1968 -- Intervención estatal y represión financiera: 1968-1978 -- La reversión parcial de las reformas del gobierno militar y el contexto de elevada inflación: 1979-1990 -- Globalización de mercados financieros y reformas estructurales: 1990-1997 -- Fortalecimiento de los mecanismos de resolución bancaria en un contexto de shocks económicos e inestabilidad política: 1998-2001 -- Modernización de la regulación y supervisión: 2002.2005. |
| 650 ## - PUNTO DE ACCESO ADICIONAL DE MATERIA--TÉRMINO DE MATERIA |
| Descriptor |
Superintendencia de Banca, Seguros y AFP (Perú) - Historia. |
| 9 (RLIN) |
3749 |
| 650 ## - PUNTO DE ACCESO ADICIONAL DE MATERIA--TÉRMINO DE MATERIA |
| Descriptor |
Administración financiera - Perú -Historia. |
| 9 (RLIN) |
3750 |
| 650 ## - PUNTO DE ACCESO ADICIONAL DE MATERIA--TÉRMINO DE MATERIA |
| Descriptor |
Finanzas públicas - Perú - Historia. |
| 9 (RLIN) |
3751 |
| 650 ## - PUNTO DE ACCESO ADICIONAL DE MATERIA--TÉRMINO DE MATERIA |
| Descriptor |
Administración- Perú- Historia |
| 9 (RLIN) |
3752 |
| 650 ## - PUNTO DE ACCESO ADICIONAL DE MATERIA--TÉRMINO DE MATERIA |
| Descriptor |
Estados financieros - Estadísticas |
| 9 (RLIN) |
3753 |
| 650 ## - PUNTO DE ACCESO ADICIONAL DE MATERIA--TÉRMINO DE MATERIA |
| Descriptor |
Presupuesto - Perú - Historia |
| 9 (RLIN) |
3754 |
| 700 ## - PUNTO DE ACCESO ADICIONAL--NOMBRE DE PERSONA |
| Nombre Personal |
Zapata, Antonio |
| 9 (RLIN) |
2262 |
| 700 ## - PUNTO DE ACCESO ADICIONAL--NOMBRE DE PERSONA |
| Nombre Personal |
Poggi, Javier |
| 9 (RLIN) |
3755 |
| 700 ## - PUNTO DE ACCESO ADICIONAL--NOMBRE DE PERSONA |
| Nombre Personal |
Canta, Michel |
| 9 (RLIN) |
3756 |
| 700 ## - PUNTO DE ACCESO ADICIONAL--NOMBRE DE PERSONA |
| Nombre Personal |
Arrieta, Alejandro |
| 9 (RLIN) |
3757 |
| 700 ## - PUNTO DE ACCESO ADICIONAL--NOMBRE DE PERSONA |
| Nombre Personal |
Tello, María del Pilar |
| 9 (RLIN) |
3758 |
| 942 ## - ELEMENTOS DE PUNTO DE ACCESO ADICIONAL (KOHA) |
| Fuente de clasificación |
|
| Tipo de item |
Libros-BMC |
| 945 ## - PROCESAMIENTO DE INFORMACIÓN LOCAL (OCLC) |
| Catalogador |
lccs |
| AAAA-MM-DD - Fecha de ingreso o modificacion |
2019-02-26 |